Parnaso español contemporáneo (Record no. 116356)

MARC details
000 -LEADER
campo de control de longitud fija 00459nam a2200145 4500
001 - NÚMERO DE CONTROL
campo de control 116356
003 - IDENTIFICADOR DE NÚMERO DE CONTROL
campo de control ES-MaACL
007 - CAMPO FIJO DE DESCRIPCIÓN FÍSICA--INFORMACIÓN GENERAL
campo de control de longitud fija t|
008 - DATOS DE LONGITUD FIJA--INFORMACIÓN GENERAL
campo de control de longitud fija 061121s1914 sp r ||||1| spa d
245 00 - MENCIÓN DEL TÍTULO
Título Parnaso español contemporáneo
Resto del título : antología completa de los mejores poetas /
Mención de responsabilidad, etc. esmeradamente seleccionada por José Brissa.
260 ## - PUBLICACIÓN, DISTRIBUCIÓN, ETC.
Lugar de publicación, distribución, etc. Barcelona :
Nombre del editor, distribuidor, etc. Maucci,
Fecha de publicación, distribución, etc. 1914.
300 ## - DESCRIPCIÓN FÍSICA
Extensión 511 p. ;
Dimensiones 22 cm.
700 1# - ENTRADA AGREGADA--NOMBRE PERSONAL
Nombre de persona Brissa, José.
9 (RLIN) 31786
852 ## - LOCALIZACIÓN
Ubicación ES-MaACL
Número de control de estantería G-2839
Holdings
Estatus retirado Estado de pérdida Estado de daño No para préstamo Biblioteca de origen Biblioteca actual Ubicación en estantería Fecha de adquisición Fuente de adquisición Total de préstamos Signatura topográfica completa Código de barras Visto por última vez Precio de reemplazo Tipo de ítem Koha
        Biblioteca del Ateneo de Madrid Biblioteca del Ateneo de Madrid Depósito 2 17/01/2008     G-2839 1121334 23/02/2023 23/02/2023 Libro impreso